Biología de los protozoos

Gorde:
Xehetasun bibliografikoak
Egile nagusia: Sleigh, Michael A
Formatua: Liburua
Hizkuntza:gaztelania
Argitaratua: Madrid H. Blume 1979
Gaiak:
Etiketak: Etiketa erantsi
Etiketarik gabe, Izan zaitez lehena erregistro honi etiketa jartzen!

MARC

LEADER 00000nam a2200000 a 4500
001 UCT5537
003 CL-VaPUC
005 20250226123242.0
008 961212e19790000SP |||||||||||||||||spa|d
999 |c 254447  |d 254445 
040 |c Pontificia Universidad Católica de Valparaíso 
082 0 4 |a 593.1 SLE 1979  |2 21 
100 0 |a Sleigh, Michael A  |9 375068 
245 1 0 |a Biología de los protozoos 
260 |a Madrid  |b H. Blume  |c 1979 
300 |a 399 páginas 
583 |a last modification  |c 19961212 00:00:00  |k Rodrigo Vera 
650 7 |a PROTOZOOS  |2 CL-VaPUC  |9 346253 
650 0 |a Parásitos   |9 346252 
650 0 |a Biología  |9 262022 
650 0 |a Organismos vivos  |9 264556 
650 0 |a Microbiología   |9 259706 
942 |c BK  |2 ddc 
945 |d 19961212 00:00:00  |a paguirre 
952 |0 0  |1 0  |2 ddc  |4 0  |6 593_100000000000000_SLE_1979  |7 0  |8 A  |9 276118  |a BIBCUR  |b BIBCUR  |d 2019-11-19  |i 1797913  |l 1  |m 2  |o 593.1 SLE 1979  |p 1797913  |r 2025-04-22  |s 2022-09-23  |t 1  |w 2019-11-19  |y BK  |k BIO